000 00386nam a2200181Ia 4500
003 0STCL
008 150530s9999 xx 000 0 und d
040 _aSTCL
_cSTCL
100 _aYadavendra Sharma Chandra
245 _aCharminar
250 _a1
260 _c2008
_aNew Delhi
300 _a0
546 _aHindi
942 _2ddc
_cBK
999 _c64429
_d64429
005 20220125171243.0